LEADER 00804nam0-22002891i-450- 001 990005585320403321 005 20061201103203.0 035 $a000558532 035 $aFED01000558532 035 $a(Aleph)000558532FED01 035 $a000558532 100 $a19990604d1964----km-y0itay50------ba 101 0 $aeng 105 $af-------00--- 200 1 $aLove in Baroque Art$fby Frederick Hartt 210 $aGlnckstadt$cJ.J. Augustin$d1964 215 $aXI, 31 p., 44 tav.$d24 cm 610 0 $aArte barocca 676 $a709.032$v21$zita 700 1$aHartt,$bFrederick$f<1914- >$036699 801 0$aIT$bUNINA$gRICA$2UNIMARC 901 $aBK 912 $a990005585320403321 952 $a709.032 HAR 1$bST.ARTE 13091$fFLFBC 959 $aFLFBC 996 $aLove in baroque art$9267174 997 $aUNINA LEADER 02290nas 2200565-a 450 001 996200656703316 005 20240413024458.0 035 $a(CKB)111032812863704 035 $a(CONSER)---00233143- 035 $a(EXLCZ)99111032812863704 100 $a20000308b19992009 --- a 101 0 $aeng 181 $ctxt$2rdacontent 182 $cc$2rdamedia 183 $acr$2rdacarrier 200 00$aInformation technology, learning, and performance journal 210 $aMorehead, Ky. $cOffice Systems Research Association$d1999- 215 $a1 online resource 300 $aRefereed/Peer-reviewed 300 $aTitle from cover. 311 $aPrint version: Information technology, learning, and performance journal. (DLC) 00233143 (OCoLC)43596108 1535-1556 517 1 $aITL & PJ 531 $aINFORMATION TECHNOLOGY, LEARNING, & PERFORMANCE JOURNAL 531 0 $aInf. technol. learn. perform. j. 606 $aOffice practice$xAutomation$vPeriodicals 606 $aBusiness$xData processing$vPeriodicals 606 $aInformation technology$xStudy and teaching$vPeriodicals 606 $aInformation storage and retrieval systems$vPeriodicals 606 $aBusiness$xData processing$2fast$3(OCoLC)fst00842293 606 $aInformation storage and retrieval systems$2fast$3(OCoLC)fst00972781 606 $aInformation technology$xStudy and teaching$2fast$3(OCoLC)fst00973135 606 $aOffice practice$xAutomation$2fast$3(OCoLC)fst01044186 608 $aPeriodicals.$2fast 608 $aPeriodicals.$2lcgft 615 0$aOffice practice$xAutomation 615 0$aBusiness$xData processing 615 0$aInformation technology$xStudy and teaching 615 0$aInformation storage and retrieval systems 615 7$aBusiness$xData processing. 615 7$aInformation storage and retrieval systems. 615 7$aInformation technology$xStudy and teaching. 615 7$aOffice practice$xAutomation. 676 $a651.8/4/05 712 02$aOrganizational Systems Research Association. 712 02$aOffice Systems Research Association (Morehead, Ky.) 906 $aJOURNAL 912 $a996200656703316 920 $aexl_impl conversion 996 $aInformation technology, learning, and performance journal$92351304 997 $aUNISA